01464nabaa22001817a 4500003000400000005001700004008004100021040000700062100002200069245012500091300001300216500003700229505075500266505008901021650002701110650002401137773012101161OSt20260130194656.0190701b xxu||||| |||| 00| 0 spa d cPJ aBonato, Mauro R. 13aLa ejecutoriedad del acto administrativo luego de la llamada Ley de Bases :b¿regla o excepción? /cMauro R. Bonato.  ap. 12-51 aCita: TR LALEY AR/DOC/2586/2025  aSumario: I. Introducción.— II. Ejecutoriedad. En búsqueda de un concepto. — III. Distinción con nociones similares.— IV. Fundamento.— V. Carácter esencial del acto o figura legal contingente.— VI. Manifestaciones de la ejecutoriedad del acto administrativo.— VII. Ejecutoriedad en derecho comparado.— VIII. Clases de ejecutoriedad. Ejecutoriedad propia e impropia.— IX. Ejecutoriedad en nuestro derecho positivo: regla y excepción.— X. Ejecutoriedad en los hechos: regla y excepción.— XI. Alcances y trámite.— XII. Medios para llevar adelante la ejecutoriedad del acto.— XIII. Ejecutoriedad y efectos de los recursos administrativos que se interpongan contra el acto administrativo.— XIV. A modo de colofón.  t¿Te interesa el texto completo? Comunicate al correo: koha@justierradelfuego.gov.ar 0aDERECHO ADMINISTRATIVO 0aACTO ADMINISTRATIVO0 02842dBuenos Aires : AbeledoPerrot, 2012-oDA121tDerecho administrativo. Nº 162 noviembre/diciembre 2025z18510590